عرض عادي
عرض مارك
- Diagnostic imaging
مدخل مصطلح موضوعي
001 - رقم الضبط
- حقل الضبط: 12158
003 - معرف رقم الضبط
- حقل الضبط: OSt
005 - تاريخ ووقت أخر عملية
- حقل الضبط: 20120429034102.0
008 - عناصر بيانات ثابتة الطول
- حقل تحكم ثابت الطول: 120429|||a|||||| | ||| d
040 ## - مصدر الفهرسة
- هيئة الفهرسة الأصلية: OSt
- وكالة الكتابة: OSt
150 ## - مدخل-- مصطلح تاريخي
- عنصر مدخل المصطلح الموضوعي او الاسم الجغرافي: Diagnostic imaging
- تفريع شكلي: Case studies.
670 ## - بيانات المصدر موجوده
- الاستشهاد بالمصدر: Work cat.: (OSt)23483: Case studies in medical imaging :, 2006.
